[Event "FISCA Online U14 op"]
[Site "Chess.com INT"]
[Date "2020.05.15"]
[Round "7"]
[White "Garbowska, Maja"]
[Black "Gatej, Maria"]
[Result "1-0"]
[WhiteElo "1405"]
[BlackElo "1172"]
[PlyCount "93"]
[EventDate "2020.05.09"]
[EventType "swiss"]
[EventRounds "9"]
[EventCountry "ROU"]
[SourceTitle "EXT 2021"]
[Source "ChessBase"]
[SourceDate "2020.10.23"]
[SourceVersion "1"]
[SourceVersionDate "2020.10.23"]
[SourceQuality "1"]

1. e4 d5 2. exd5 Qxd5 3. Nc3 Qa5 4. d4 c6 5. Nf3 Bg4 6. h3 Bxf3 7. Qxf3 Nf6 8. Bd2 Qc7 9. Bc4 e6 10. 0-0 Be7 11. Bf4 Qd8 12. Rad1 0-0 13. Ne4 Qb6 14. Nxf6+ Bxf6 15. b3 Bxd4 16. Bg5 Bc5 17. Qe4 Re8 18. Bd3 g6 19. Bc4 Bf8 20. Qf4 Bg7 21. Rd3 Na6 22. Rd7 Rf8 23. Be7 Rfe8 24. Bc5 Rf8 25. Bxb6 axb6 26. Rxb7 b5 27. Bd3 Nc5 28. Rc7 Nxd3 29. cxd3 Rxa2 30. Rxc6 Ra7 31. Rfc1 Raa8 32. Rb6 Rad8 33. Rxb5 Rxd3 34. Rb8 Rfd8 35. Rxd8+ Rxd8 36. b4 h5 37. b5 e5 38. Qc4 Rb8 39. Qc6 Bh6 40. Rd1 Kf8 41. Qd6+ Ke8 42. Qxb8+ Ke7 43. Qd8+ Ke6 44. Rd6+ Kf5 45. Qf6+ Ke4 46. f3+ Ke3 47. Qxe5# 1-0

[Event "ROM-ch U10 Girls"]
[Site "Calimanesti Caciulata"]
[Date "2019.04.16"]
[Round "2.8"]
[White "Preda, Maria C"]
[Black "Gatej, Maria"]
[Result "0-1"]
[WhiteElo "1017"]
[BlackElo "1099"]
[PlyCount "100"]
[EventDate "2019.04.15"]
[EventType "swiss"]
[EventRounds "9"]
[EventCountry "ROU"]
[SourceTitle "EXT 2024"]
[Source "ChessBase"]
[SourceDate "2023.10.10"]
[SourceVersion "1"]
[SourceVersionDate "2023.10.10"]
[SourceQuality "1"]

1. e4 d5 2. exd5 Qxd5 3. Nf3 Bg4 4. c4 Qe4+ 5. Be2 Nf6 6. Nc3 Qc6 7. h3 Bh5 8. d4 Qd6 9. Nb5 Qd8 10. Bf4 Na6 11. c5 c6 12. Nc3 Nc7 13. g4 Bg6 14. Qb3 Qc8 15. 0-0-0 Nfd5 16. Nxd5 Nxd5 17. Be3 Qd7 18. h4 Nxe3 19. fxe3 f6 20. g5 0-0-0 21. Nh2 Qd5 22. Bc4 Qe4 23. Bd3 Qxe3+ 24. Rd2 Bxd3 25. Qxd3 Qxd3 26. Rxd3 fxg5 27. hxg5 e5 28. Re1 exd4 29. Nf3 Bxc5 30. Red1 Rhf8 31. Nxd4 Bxd4 32. Rxd4 Rxd4 33. Rxd4 Rf1+ 34. Kc2 Rf2+ 35. Kc1 Rg2 36. Rh4 Rxg5 37. Rxh7 Kc7 38. Kd2 Kb6 39. Kc3 Rg2 40. a4 Rg3+ 41. Kc4 Rg4+ 42. Kb3 g5 43. Rg7 Rg3+ 44. Kc4 g4 45. b4 Rg1 46. a5+ Ka6 47. Rg6 g3 48. Rg7 g2 49. Rxg2 Rxg2 50. Kc5 Rg5+ 0-1

[Event "ROM-ch U10 Girls"]
[Site "Calimanesti"]
[Date "2018.04.03"]
[Round "9"]
[White "Gatej, Maria"]
[Black "Vidan, Elena"]
[Result "1-0"]
[WhiteElo "1066"]
[BlackElo "1006"]
[PlyCount "74"]
[EventDate "2018.03.27"]
[EventType "swiss"]
[EventRounds "9"]
[EventCountry "ROU"]
[SourceTitle "CBM 183 Extra"]
[Source "ChessBase"]
[SourceDate "2018.04.19"]
[SourceVersion "1"]
[SourceVersionDate "2018.04.19"]
[SourceQuality "1"]

1. e4 e5 2. Nf3 Nc6 3. Nc3 Nf6 4. d4 exd4 5. Nxd4 Bc5 6. Nxc6 bxc6 7. Bc4 d6 8. 0-0 0-0 9. Bg5 h6 10. Bh4 Bd7 11. a3 Rb8 12. b4 Bb6 13. Rb1 Qe7 14. a4 a5 15. bxa5 Bxa5 16. Bxf6 Qxf6 17. Ne2 c5 18. Bb5 Be6 19. Ra1 Qg6 20. Ng3 Rb6 21. f4 Bg4 22. Be2 Bxe2 23. Qxe2 Ra8 24. Nf5 Qf6 25. Qg4 Bc3 26. Ra3 Rb2 27. e5 dxe5 28. Rxc3 exf4 29. Rxc5 Rxa4 30. Rxf4 Ra1+ 31. Rf1 Raa2 32. Rxc7 Rxc2 33. Ne7+ Kh7 34. Qe4+ Kh8 35. Rxf6 gxf6 36. Rxc2 Rxc2 37. Qxc2 Kg7 1-0

[Event "ROM-ch U10 Girls"]
[Site "Calimanesti"]
[Date "2018.03.29"]
[Round "3"]
[White "Apostol, Maria"]
[Black "Gatej, Maria"]
[Result "0-1"]
[WhiteElo "1158"]
[BlackElo "1066"]
[PlyCount "98"]
[EventDate "2018.03.27"]
[EventType "swiss"]
[EventRounds "9"]
[EventCountry "ROU"]
[SourceTitle "CBM 183 Extra"]
[Source "ChessBase"]
[SourceDate "2018.04.19"]
[SourceVersion "1"]
[SourceVersionDate "2018.04.19"]
[SourceQuality "1"]

1. e4 d5 2. exd5 Qxd5 3. Nc3 Qa5 4. d4 Nf6 5. Nf3 Bg4 6. h3 Bxf3 7. Qxf3 c6 8. Bc4 e6 9. Bd2 Qc7 10. 0-0-0 Nbd7 11. Rhe1 0-0-0 12. g4 h5 13. g5 Nd5 14. Ne4 N7b6 15. Ba5 Bb4 16. Bxb4 Nxb4 17. Bb3 N4d5 18. g6 f6 19. Nc5 Qf4+ 20. Qxf4 Nxf4 21. Nxe6 Nxe6 22. Bxe6+ Kb8 23. Bf7 Nd5 24. c4 Nf4 25. Re4 Nxh3 26. f4 Nf2 27. Rde1 Nxe4 28. Rxe4 Rd7 29. f5 Rhd8 30. d5 cxd5 31. cxd5 Rc8+ 32. Kd2 Rdc7 33. Rh4 Rc2+ 34. Kd1 Rxb2 35. Rxh5 Rcc2 36. Rh8+ Kc7 37. d6+ Kxd6 38. Rd8+ Ke7 39. Rd2 Rxd2+ 40. Kc1 Rh2 41. Bb3 Rbg2 42. Bd1 Rxa2 43. Kb1 Raf2 44. Kc1 Rxf5 45. Bc2 Rf1+ 46. Kb2 Rff2 47. Ka1 Rxc2 48. Kb1 Rcf2 49. Ka1 Rh1# 0-1

[Event "ROM-ch U08 Girls"]
[Site "Baile Felix"]
[Date "2017.02.06"]
[Round "6"]
[White "Preda, Maria C"]
[Black "Gatej, Maria"]
[Result "0-1"]
[WhiteElo "1035"]
[BlackElo "1059"]
[PlyCount "108"]
[EventDate "2017.02.02"]
[EventType "swiss"]
[EventRounds "9"]
[EventCountry "ROU"]
[SourceTitle "CBM 176 Extra"]
[Source "ChessBase"]
[SourceDate "2017.03.02"]
[SourceVersion "1"]
[SourceVersionDate "2017.03.02"]
[SourceQuality "1"]

1. e4 c5 2. c3 Nc6 3. Nf3 e5 4. Bc4 g6 5. 0-0 Bg7 6. d3 Nf6 7. h3 0-0 8. Be3 d6 9. Qe2 Bd7 10. Nbd2 Qc8 11. Kh2 Nh5 12. Rh1 Nf4 13. Bxf4 exf4 14. Kg1 Re8 15. Ng5 Be6 16. Nxe6 Rxe6 17. Nf3 Re7 18. Rd1 Qe8 19. h4 Na5 20. b3 Nxc4 21. bxc4 Bxc3 22. h5 Bg7 23. hxg6 fxg6 24. Ng5 Bf6 25. Nf3 a6 26. Rb1 Qf7 27. Rb6 Rd8 28. Qd2 Bg7 29. Rh4 Be5 30. Nxe5 dxe5 31. Rb3 Qxc4 32. dxc4 Rxd2 33. Ra3 Rd4 34. Rhh3 Rxe4 35. Rhc3 Re1+ 36. Kh2 Rd7 37. Rd3 Re7 38. Rd8+ Kg7 39. Rad3 Kf6 40. Rd1 Rxd1 41. Rxd1 e4 42. Re1 e3 43. fxe3 fxe3 44. Re2 Kf5 45. Kg3 Ke4 46. Kg4 Kd3 47. Kf3 h5 48. g3 g5 49. a4 Rf7+ 50. Kg2 Kxe2 51. Kh3 Kf2 52. g4 Rf3+ 53. Kh2 hxg4 54. a5 Rh3# 0-1

[Event "ROM-ch U08 Girls"]
[Site "Baile Felix"]
[Date "2017.02.03"]
[Round "2"]
[White "Sida, Flavia Maria"]
[Black "Gatej, Maria"]
[Result "1-0"]
[WhiteElo "1199"]
[BlackElo "1059"]
[PlyCount "75"]
[EventDate "2017.02.02"]
[EventType "swiss"]
[EventRounds "9"]
[EventCountry "ROU"]
[SourceTitle "CBM 176 Extra"]
[Source "ChessBase"]
[SourceDate "2017.03.02"]
[SourceVersion "1"]
[SourceVersionDate "2017.03.02"]
[SourceQuality "1"]

1. e4 e6 2. d4 d5 3. exd5 exd5 4. Nc3 Nc6 5. Bf4 Nf6 6. Nb5 Bd6 7. Qe2+ Qe7 8. Bxd6 cxd6 9. Nc7+ Kd7 10. Qxe7+ Kxe7 11. Nxa8 Nxd4 12. 0-0-0 Nb5 13. Bxb5 Ne4 14. Re1 Be6 15. Nf3 Nxf2 16. Rhf1 Ne4 17. Nc7 Bf5 18. Nxd5+ Kd8 19. g4 Bg6 20. h4 h6 21. Bd3 Re8 22. Nd2 Nxd2 23. Kxd2 Bxd3 24. Kxd3 Rf8 25. Re2 g6 26. Ref2 Ke8 27. Re1+ Kd8 28. Re7 f5 29. gxf5 gxf5 30. Rxb7 a5 31. Rb8+ Kd7 32. Rxf8 Kc6 33. R2xf5 Kd7 34. R8f7+ Kc6 35. Rc7+ Kb5 36. a4+ Kxa4 37. Nb6+ Kb4 38. Rc4# 1-0

[Event "ROM-ch U08 Girls"]
[Site "Calimanesti Caciulata"]
[Date "2016.04.22"]
[Round "6"]
[White "Pindaru, Delia Maria"]
[Black "Gatej, Maria"]
[Result "1-0"]
[WhiteElo "1001"]
[BlackElo "1001"]
[PlyCount "97"]
[EventDate "2016.04.18"]
[EventType "swiss"]
[EventRounds "9"]
[EventCountry "ROU"]
[SourceTitle "CBM 172 Extra"]
[Source "ChessBase"]
[SourceDate "2016.06.21"]
[SourceVersion "1"]
[SourceVersionDate "2016.06.21"]
[SourceQuality "1"]

1. e4 e6 2. Nc3 Nf6 3. Nf3 Nc6 4. Bb5 e5 5. Bxc6 Bd6 6. Bd5 0-0 7. 0-0 c6 8. Bc4 Bc5 9. h3 d5 10. Bd3 Nh5 11. Na4 b6 12. exd5 cxd5 13. c3 e4 14. Ne5 Nf4 15. Nc6 Qg5 16. g3 Nxh3+ 17. Kg2 exd3 18. Re1 Bb7 19. Re5 Qh6 20. Ne7+ Kh8 21. Rh5 d4+ 22. Rd5 Bxd5+ 23. Kf1 Rfd8 24. Nf5 Qf6 25. Qg4 Bf8 26. Qxh3 Qe6 27. b3 Re8 28. Ba3 Bxa3 29. b4 Bb2 30. Qg4 Rg8 31. Nxb2 g6 32. Qg5 gxf5 33. Qf4 Rg4 34. Qc7 Re4 35. Nxd3 Re8 36. Qxa7 Bc4 37. Rd1 Bxd3+ 38. Kg2 Be2 39. Ra1 Bf3+ 40. Kxf3 Re7 41. Qb8+ Re8 42. Qa7 Qc6 43. Qxf7 Re1+ 44. Kf4 Rxa1 45. Qxf5 Rh1 46. a3 Rh4+ 47. gxh4 Qc7+ 48. Kg4 Rg8+ 49. Kh3 1-0